[Event "Pan American-ch U20 Girls"]
[Site "Riobamba"]
[Date "2007.08.21"]
[Round "6"]
[White "Cabezas, Viviana"]
[Black "Chirivi Castiblanco, Jenny Astrid"]
[Result "0-1"]
[WhiteElo "1813"]
[BlackElo "2052"]
[PlyCount "80"]
[EventDate "2007.08.18"]
[EventType "swiss"]
[EventRounds "9"]
[EventCountry "ECU"]
[SourceTitle "CBM 120 Extra"]
[Source "ChessBase"]
[SourceDate "2007.11.01"]
[SourceVersion "1"]
[SourceVersionDate "2007.11.01"]
[SourceQuality "1"]

1. e4 c5 2. Nf3 e6 3. d4 cxd4 4. Nxd4 Nf6 5. Nc3 Nc6 6. Nxc6 bxc6 7. e5 Nd5 8. Ne4 Qc7 9. f4 Qa5+ 10. Bd2 Qb6 11. Bd3 Qxb2 12. 0-0 Ba6 13. Bxa6 Qb6+ 14. Kh1 Qxa6 15. Qf3 Be7 16. Rfc1 Qc4 17. h3 f5 18. exf6 Nxf6 19. Nf2 0-0 20. Nd3 Ne4 21. Qe3 Bf6 22. Ne5 Bxe5 23. fxe5 Rf2 24. Re1 Rxd2 25. Qxe4 Qxe4 26. Rxe4 Rf8 27. Ra4 Rff2 28. c4 Rxg2 29. Rxa7 Rh2+ 30. Kg1 Rdg2+ 31. Kf1 Rg5 32. Rd1 Rh1+ 33. Ke2 Rxe5+ 34. Kd2 Rxd1+ 35. Kxd1 d5 36. Rc7 dxc4 37. Rxc6 Ra5 38. Rxe6 Rxa2 39. Rc6 Rh2 40. Rxc4 Rxh3 0-1

[Event "Pan American-ch U20 Girls"]
[Site "Riobamba"]
[Date "2007.08.21"]
[Round "5"]
[White "Cabezas, Viviana"]
[Black "Herrera, Milena"]
[Result "1-0"]
[WhiteElo "1813"]
[BlackElo "1969"]
[PlyCount "107"]
[EventDate "2007.08.18"]
[EventType "swiss"]
[EventRounds "9"]
[EventCountry "ECU"]
[SourceTitle "CBM 120 Extra"]
[Source "ChessBase"]
[SourceDate "2007.11.01"]
[SourceVersion "1"]
[SourceVersionDate "2007.11.01"]
[SourceQuality "1"]

1. e4 c5 2. Nf3 e6 3. d4 cxd4 4. Nxd4 a6 5. c4 Nf6 6. Nc3 Bb4 7. Bd3 Nc6 8. Nxc6 dxc6 9. e5 Qa5 10. exf6 Bxc3+ 11. bxc3 Qxc3+ 12. Bd2 Qxd3 13. fxg7 Rg8 14. Bg5 Qc3+ 15. Kf1 Qxc4+ 16. Kg1 Qd5 17. Bf6 Qxd1+ 18. Rxd1 Bd7 19. f4 c5 20. Kf2 Rc8 21. Rhe1 c4 22. Re3 Ba4 23. Rd6 a5 24. Rh3 Bc2 25. Ra3 b6 26. Rxb6 Kd7 27. Rxa5 Be4 28. Bc3 Rc7 29. Be5 Rb7 30. Rxb7+ Bxb7 31. Rc5 Bc6 32. Rxc4 h6 33. Rc3 Rc8 34. a3 Ra8 35. Rh3 Ke7 36. Rxh6 f6 37. Bxf6+ Kf7 38. Bb2 Be4 39. Rh8 Rg8 40. h4 Bf5 41. h5 Be4 42. h6 Bf5 43. h7 Rxg7 44. Bxg7 Kxg7 45. Ra8 Kxh7 46. a4 Kg7 47. a5 Be4 48. Rb8 Bd3 49. Rb6 Kf7 50. a6 Ke7 51. a7 Be4 52. Rb8 Kf6 53. a8Q Bxa8 54. Rxa8 1-0